Statistiques concernant Paroles - Tomber dans ses yeux - 1789, Les Amants de la Bastille

Cliquez ici pour prendre le quiz!

Statistiques générales

  • Ce quiz a été pris 100 fois
  • Le résultat moyen est 157 sur 172

Statistiques - réponses

Answers% Correct
à
100%
dans
100%
De
100%
de
100%
au
98%
s'
98%
ses
98%
Tomber
98%
tomber
98%
yeux
98%
je
97%
Je
97%
l'
97%
ma
97%
qu'
97%
qui
97%
le
95%
mon
95%
du
94%
il
94%
Mais
94%
nous
94%
que
94%
Pour
92%
pour
92%
sais
92%
sépare
92%
un
92%
veux
92%
aux
91%
bien
91%
bord
91%
désir
91%
la
91%
sans
91%
Sans
91%
tout
91%
vie
91%
vivre
91%
âme
89%
moitié
89%
vide
89%
feu
88%
m'abandonner
88%
Et
86%
faudrait
86%
lui
86%
nulle
86%
part
86%
plus
86%
regard
86%
d'où
85%
enfuir
85%
n'irais
85%
revenir
85%
simple
85%
vient
85%
vouloir
85%
danser
83%
Danser
83%
retenir
83%
une
83%
accents
82%
égard
82%
extase
82%
s'embrase
82%
comme
80%
succomber
80%
tanguer
80%
valser
80%
fin
78%
histoire
78%
envie
77%
s'empare?
77%
Soudain
77%
Avant
75%
larme
75%
vacille
75%

Distribution des résultats

Percentile par nombre de réponses

% des personnes avec chaque résultat

Votre développement - résultats

Vous n’avez pas pris ce quiz